000 01715cam a22004574i 4500
003 PE-LiUPU
005 20250731173141.0
008 150623s r 000 0 d
020 _a0784710996
035 _a(Sirsi) i9780784710999
040 _aPE-LiUPU
_bspa
_cPE-LiUPU
_erda
049 _aPRUA
082 0 4 _a241.66
_bB94
_221
100 1 _aBurgen Jim,
_eautor.
245 1 0 _aWhat's the big deal? abou sex loving God's way /
_cJim Burgen.
264 1 _aUnited States of America :
_bBurgen,
_c1999.
300 _a157 páginas :
_bilustraciones, fotos ;
_c21 centímetros
336 _atext
_2rdacontent
337 _aunmediated
_2rdamedia
338 _avolume
_2rdacarrier
505 0 _aGetting Started. Equal..but different. Safe sex?. "I love you". Agapé love. Divorce-proof marriage. Choices of the heart. What about hosexuality?. What about masturbation?. What about interracial dating?. What if I've already messed up?. Final thoughts.
526 _aSEG42
526 _aSEG41
526 _aSEG40
526 _aSEG39
526 _aP94
526 _aP87
526 _aP86
526 _aP85
526 _aP77
526 _aP76
526 _aP35
650 0 4 _aEtica Sexual para Jóvenes.
650 0 4 _aSexo
_xAspectos Religiosos.
942 _2ddc
_cBOOK
949 _a241.66 B94
_wDEWEY
_c1
_i52762
_lCCODEBUL1
_mBUL
_p11.00
_r0
_sY
_tBOOK
_u2015-6-24
_xTEOLOGIA
_PP35
_0COMPRA
_o.STAFF. Colección General
994 _aC0
_bPEPRU
596 _a1
999 _a241.66 B94
_wDEWEY
_c34630
_i52762
_f2021-11-11
_g5
_lCCODEBUL1
_mBUL
_p11.00
_r0
_sY
_tBOOK
_u2015-6-24
_xTEOLOGIA
_PP35
_0COMPRA
_o.STAFF. Colección General
_d34630
980 _81
_gALBERTO SANCHEZ Responsable de Automatización